000
00304nam a22001337a 4500
999
_c
12115
_d
12115
020
_a
978-0-141-34680-9
082
_a
813.6
100
_a
Rick Riordan
245
_a
Percy Jackson and lighting thief
260
_a
New Delhi
_b
Puffin
_c
2013
300
_a
374
650
_a
English Fiction
942
_c
BK